Prince Caspian: the return to Narnia (Record no. 9056)
[ view plain ]
| 000 -LEADER | |
|---|---|
| fixed length control field | 01049nam a22002177a 4500 |
| 003 - CONTROL NUMBER IDENTIFIER | |
| control field | OSt |
| 005 - DATE AND TIME OF LATEST TRANSACTION | |
| control field | 20260312075346.0 |
| 008 - FIXED-LENGTH DATA ELEMENTS--GENERAL INFORMATION | |
| fixed length control field | 260312b |||||||| |||| 00| 0 eng d |
| 020 ## - INTERNATIONAL STANDARD BOOK NUMBER | |
| International Standard Book Number | 0-06-447105-5 |
| 040 ## - CATALOGING SOURCE | |
| Original cataloging agency | DWCL GS lib |
| Transcribing agency | OC |
| 082 ## - DEWEY DECIMAL CLASSIFICATION NUMBER | |
| Classification number | L585p 1979 |
| 100 ## - MAIN ENTRY--PERSONAL NAME | |
| Personal name | LEWIS, C.S. |
| 245 ## - TITLE STATEMENT | |
| Title | Prince Caspian: the return to Narnia |
| Statement of responsibility, etc. | C.S. LEWIS |
| 260 ## - PUBLICATION, DISTRIBUTION, ETC. | |
| Place of publication, distribution, etc. | USA |
| Name of publisher, distributor, etc. | Harper Trophy |
| Date of publication, distribution, etc. | 1979 |
| 300 ## - PHYSICAL DESCRIPTION | |
| Extent | 238 p |
| Dimensions | 17cm |
| 520 ## - SUMMARY, ETC. | |
| Summary, etc. | One year after their previous adventure, the Pevensie children (Georgie Henley, Skandar Keynes, William Moseley, Anna Popplewell) return to the magical land of Narnia and find that 1300 years have passed there. War has come to Narnia once again, and the children join forces with Prince Caspian (Ben Barnes) to overthrow the evil King Miraz and restore peace to the land. |
| 650 ## - SUBJECT ADDED ENTRY--TOPICAL TERM | |
| Topical term or geographic name entry element | t is a story of rebellion, faith, and the restoration of the "Old Narnia". |
| 650 ## - SUBJECT ADDED ENTRY--TOPICAL TERM | |
| Topical term or geographic name entry element | maintaining faith, courage, and hope during dark times, even when help seems absent or delayed. |
| 700 ## - ADDED ENTRY--PERSONAL NAME | |
| Personal name | C.S. LEWIS |
| 942 ## - ADDED ENTRY ELEMENTS (KOHA) | |
| Source of classification or shelving scheme | Dewey Decimal Classification |
| Koha item type | Fiction |
| Suppress in OPAC | No |
No items available.